Новый квалификационный справочник должностей руководителей, специалистов и других служащих: 100 образцов документов

Bibliographic Details
Language:Russian
Published: Москва, Омега-Л, 2006
Edition:3-е изд., стер.
Series:Кадровая служба
Subjects:
Format: Book
KOHA link:https://koha.lib.tpu.ru/cgi-bin/koha/opac-detail.pl?biblionumber=104532

MARC

LEADER 00000nam0a2200000 4500
001 104532
005 20231031114040.0
010 |a 536500292X 
035 |a (RuTPU)RU\TPU\book\112716 
090 |a 104532 
100 |a 20061102d2006 km y0rusy50 ca 
101 0 |a rus 
102 |a RU 
105 |a y g 000zy 
200 1 |a Новый квалификационный справочник должностей руководителей, специалистов и других служащих  |e 100 образцов документов 
205 |a 3-е изд., стер. 
210 |a Москва  |c Омега-Л  |d 2006 
215 |a 393 с. 
225 1 |a Кадровая служба 
610 1 |a экономика 
610 1 |a труд 
610 1 |a кадры 
610 1 |a должности 
610 1 |a специалисты 
610 1 |a руководители 
610 1 |a квалификация 
610 1 |a служащие 
610 1 |a квалификационные справочники 
686 |a У9(2)240.3я2  |v LBC/SL-A  |2 rubbk 
801 1 |a RU  |b 63413507  |c 20061102  |g PSBO 
801 2 |a RU  |b 63413507  |c 20100820  |g PSBO 
942 |c BK